| 000 | 01484nab a2200253 a 4500 | ||
|---|---|---|---|
| 005 | 20210219162854.0 | ||
| 008 | 991125s1985 mx 000 0 spa u | ||
| 035 | _aUPN01000212241 | ||
| 049 | _aART | ||
| 100 | 1 | _aMárquez López, Lisett | |
| 100 | 1 | _ulismarq@hotmail.com | |
| 222 | 0 | _aECONOMIA SOCIEDAD Y TERRITORIO | |
| 245 | 0 | 0 | _aAcumulación del capital inmobiliario y apropiación social del espacio público en el Paseo de la Reforma, Ciudad de México |
| 260 | _aToluca, México | ||
| 300 | _a71-101 | ||
| 362 | 0 | _a2016 Volumen 16, número 50, enero-abril | |
| 520 | 3 | _aEl Paseo de la Reforma en la Ciudad de México, con gran tradición histórica aristocrática, desde finales del 2000 ha sido transformado –por el capital inmobiliario-financiero nacional y trasnacional, y por el gobierno local– en moderno corredor terciario reservado para sedes corporativas de grandes empresas y residentes de altos ingresos; logrando así, reproducir las rentas del suelo localizadas, acumular capital y recrear un área icónica de la posmodernidad, exclusiva y excluyente; contradictoriamente, su espacio público sigue siendo escenario de la recreación popular y la protesta social y política | |
| 653 | 0 | _aPASEO DE LA REFORMA, CIUDAD DE MEXICO | |
| 653 | 0 | _aURBANISMO POSMODERNISTA | |
| 653 | 0 | _aCAPITAL INMOBILIARIO | |
| 856 | 4 | _uhttp://www.redalyc.org/articulo.oa?id=11143323004 | |
| 856 | 4 | _uhttp://est.cmq.edu.mx/numeros/num_50.pdf | |
| 905 | _aArticulo | ||
| 999 |
_c184341 _d184341 |
||